000 00419nam a2200157Ia 4500
008 230711s9999||||xx |||||||||||||| ||und||
041 _aENG
082 _a720
_bME-O
100 _aMeislich,Herbert
245 0 _aSchaum's outline of theory and problems of organic Chemistry
250 _a1st Ed.
260 _c1986
_aNew Delhi
_bTata McGraw Hill Education Limited
300 _a480
650 _aChemistry
942 _cBK
999 _c2045
_d2045